Bible Book by Non-Bible Image Quiz Stats

 Plays Quiz not verified by Sporcle

Also try: Hinduism Basics
Challenge
Share
Tweet
Score 0/20 Timer 03:00
0 Plays Today
Image Book % Correct
C4Numbers
85.5%
A2Judges
79.7%
B5Luke
69.3%
A1Romans
54.4%
C52 Kings
52.7%
D42 Samuel
50.6%
D11 Samuel
46.5%
D2Joel
39.4%
B32 Chronicles
34.4%
A5Genesis
33.2%
Image Book % Correct
B1Jude
28.2%
B2James
27.8%
A3Mark
24.5%
A4Jonah
12.9%
C2Job
12.9%
C3Leviticus
12.4%
D3Titus
7.5%
B4Song of Solomon
7.1%
C1Amos
5.8%
D5Obadiah
2.9%

You're not logged in!

Compare scores with friends on all Sporcle quizzes.
OR
Log In

You Might Also Like...

Show Comments

Extras

Top Quizzes Today


Score Distribution

Your Account Isn't Verified!

In order to create a playlist on Sporcle, you need to verify the email address you used during registration. Go to your Sporcle Settings to finish the process.

Report this User

Report this user for behavior that violates our Community Guidelines.

Details: